书目信息 |
| 题名: |
犯罪现场调查
|
|
| 作者: | 许大鹏 著 ;京师心智 组编 | |
| 分册: | ||
| 出版信息: | 北京 台海出版社 2018 |
|
| 页数: | 216页 | |
| 开本: | 24cm | |
| 丛书名: | ||
| 单 册: | ||
| 中图分类: | D918.4 | |
| 科图分类: | ||
| 主题词: | 犯罪现场--fan zui xian chang--现场勘查 | |
| 电子资源: | ||
| ISBN: | 978-7-5168-1828-2 | |
| 000 | 01048nam0 2200265 450 | |
| 001 | 012001008710 | |
| 005 | 20140102093209.0 | |
| 010 | @a978-7-5168-1828-2@dCNY39.80 | |
| 099 | @aCAL 012018113177 | |
| 100 | @a20180716d2018 em y0chiy50 ea | |
| 101 | 0 | @achi |
| 102 | @aCN@b110000 | |
| 105 | @ay z 000yy | |
| 106 | @ar | |
| 200 | 1 | @a犯罪现场调查@Afan zui xian chang diao cha@f许大鹏著@g京师心智组编 |
| 210 | @a北京@c台海出版社@d2018 | |
| 215 | @a216页@d24cm | |
| 314 | @a许大鹏, 知名心理学畅销书作家, 致力于研究犯罪心理学、通俗心理学。 | |
| 330 | @a本书选取了FBI办案史上轰动世界的21件大案, 直击一线犯罪现场, 通过对案发现场的层层剖析, 对嫌疑人的深入调查, 对案件背后故事的深挖, 全方位还原了惊心动魄的案发经过, 让读者在令人肾上腺素飙升的案情中, 体验酣畅淋漓的烧脑破案思路, 从而成为真正的破案高手。 | |
| 606 | 0 | @a犯罪现场@Afan zui xian chang@x现场勘查 |
| 690 | @aD918.4@v5 | |
| 701 | 0 | @a许大鹏@Axu da peng@4著 |
| 712 | 02 | @a京师心智@Ajing shi xin zhi@4组编 |
| 801 | 0 | @aCN@b上海新华@c20191020 |
| 905 | @b1185528-31@dD918.4@e872@f4 | |
| 犯罪现场调查/许大鹏著/京师心智组编.-北京:台海出版社,2018 |
| 216页;24cm |
| ISBN 978-7-5168-1828-2:CNY39.80 |
| 本书选取了FBI办案史上轰动世界的21件大案, 直击一线犯罪现场, 通过对案发现场的层层剖析, 对嫌疑人的深入调查, 对案件背后故事的深挖, 全方位还原了惊心动魄的案发经过, 让读者在令人肾上腺素飙升的案情中, 体验酣畅淋漓的烧脑破案思路, 从而成为真正的破案高手。 |
| ● |
| 相关链接 |
|
|
|
|
正题名:犯罪现场调查
索取号:D918.4/872
 
预约/预借
| 序号 | 登录号 | 条形码 | 馆藏地/架位号 | 状态 | 备注 |
| 1 | 1185528 | 211855287 | 第一样本阅览室/ [索取号:D918.4/872] | 在馆 | |
| 2 | 1185529 | 211855296 | 第一借阅区/ [索取号:D918.4/872] | 在馆 | |
| 3 | 1185530 | 211855303 | 第一借阅区/ [索取号:D918.4/872] | 在馆 | |
| 4 | 1185531 | 211855312 | 第一借阅区/ [索取号:D918.4/872] | 在馆 |